000 00705cam a22001457a 4500
008 180718b1976 xxu||||| |||| 00| 0 eng d
082 _aYx54 W373 (R)
245 _aWealth of India: a dictionary of Indian materials and industrial products
_cby Publications & Information Directorate, India
260 _aNew Delhi
_bPublications & Information Directorate
_c1976
300 _av
500 _aContents; v.1, 254p.; v.2, 427p.; v.3. D-E, 236p.; v.5. H-K, 332p.; v.6. L-M, 483p.; v.10. Sp-W, 591p.; v.11. X-Z and Culmulative Indexes, 383p.
650 _aCommercial products --India --Dictionaries.
650 _aRaw materials --India --Dictionaries
700 _aIndia. Publications & Information Directorate
999 _c501659
_d501659